| 000 | 01384cam a2200361 a 4500 | ||
|---|---|---|---|
| 999 |
_c529663 _d529663 |
||
| 001 | 4454667 | ||
| 003 | NUST | ||
| 005 | 20191001111757.0 | ||
| 008 | 951130s1996 dcudk b 000 0 eng d | ||
| 010 | _a 95062183 | ||
| 020 |
_a0309058678 : _c$13.00 |
||
| 035 | _a(OCoLC)34751665 | ||
| 038 | _aMSOHAIL | ||
| 040 |
_aCU-IT _cCU-IT _dDLC |
||
| 042 | _alccopycat | ||
| 050 | 0 | 0 |
_aHE336.U74 _bW55 |
| 082 | _a0 | ||
| 100 | 1 |
_aWilliams, Ronald L., _cP.E. _922108 |
|
| 245 | 1 | 0 |
_aLongitudinal occupancy of controlled access right-of-way by utilities / _cRonald L. Williams. |
| 260 |
_aWashington, D.C. : _bNational Academy Press, _c1996. |
||
| 300 |
_a39 p. : _bcharts, forms ; _c28 cm. |
||
| 440 | 0 |
_aSynthesis of highway practice, _x0547-5570 ; _v224 _922109 |
|
| 500 | _aAt head of title: National Cooperative Highway Research Program. | ||
| 504 | _aIncludes bibliographical references (p. 16-17). | ||
| 650 | 0 |
_aRoads _xRight of way _xMultiple use. _922110 |
|
| 650 | 0 |
_aPublic utilities _xRight of way. _922111 |
|
| 650 | 0 |
_aControlled access highways. _922112 |
|
| 710 | 2 |
_aNational Cooperative Highway Research Program. _920864 |
|
| 906 |
_a7 _bcbc _ccopycat _d2 _eopcn _f19 _gy-gencatlg |
||
| 942 |
_2ddc _cBK |
||